5HLuxD.jpg

KING HENRY VIII SENIOR AND PRIMARY SCHOOL LIBRARY OPAC

Everything, everything / (Record no. 1003)

000 -LEADER
fixed length control field 01357cam a2200277 a 4500
001 - CONTROL NUMBER
control field .b23436396
003 - CONTROL NUMBER IDENTIFIER
control field OSt
005 - DATE AND TIME OF LATEST TRANSACTION
control field 20200312125521.0
008 - FIXED-LENGTH DATA ELEMENTS--GENERAL INFORMATION
fixed length control field 170809s2015 xxka g 000 1 eng d
020 ## - INTERNATIONAL STANDARD BOOK NUMBER
International Standard Book Number 9780552574235
Qualifying information (pbk.) :
020 ## - INTERNATIONAL STANDARD BOOK NUMBER
International Standard Book Number 0552574236
Qualifying information (pbk.)
040 ## - CATALOGING SOURCE
Original cataloging agency StDuBDS
Language of cataloging eng
Transcribing agency StDuBDS
Modifying agency SKYRV
-- FCU
041 0# - LANGUAGE CODE
Language code of text/sound track or separate title eng
042 ## - AUTHENTICATION CODE
Authentication code nbic
044 ## - COUNTRY OF PUBLISHING/PRODUCING ENTITY CODE
MARC country code xxk
Local subentity code enk
082 0# - DEWEY DECIMAL CLASSIFICATION NUMBER
Classification number FIC YOO
100 1# - MAIN ENTRY--PERSONAL NAME
Personal name Yoon, Nicola.
Relator term author
245 10 - TITLE STATEMENT
Title Everything, everything /
Statement of responsibility, etc. Nicola Yoon.
260 ## - PUBLICATION, DISTRIBUTION, ETC.
Place of publication, distribution, etc. London, England :
Name of publisher, distributor, etc. Corgi Books,
Date of publication, distribution, etc. c2015.
300 ## - PHYSICAL DESCRIPTION
Extent 306 p. :
Other physical details ill. ;
Dimensions 20 cm.
520 ## - SUMMARY, ETC.
Summary, etc. Madeline Whittier is allergic to the outside world. So allergic, in fact, that she has never left the house in all of her 17 years. But when Olly moves in next door, and wants to talk to Maddie, tiny holes start to appear in the protective bubble her mother has built around her. Olly writes his IM address on a piece of paper, shows it at her window, and suddenly, a door opens. But does Maddie dare to step outside her comfort zone? Everything, Everything is about the thrill and heartbreak that happens when we break out of our shell to do crazy, sometimes death-defying things for love.
650 #0 - SUBJECT ADDED ENTRY--TOPICAL TERM
Topical term or geographic name entry element Friendship
Form subdivision Juvenile fiction.
650 #0 - SUBJECT ADDED ENTRY--TOPICAL TERM
Topical term or geographic name entry element Allergy
Form subdivision Juvenile fiction.
650 #0 - SUBJECT ADDED ENTRY--TOPICAL TERM
Topical term or geographic name entry element Racially mixed people
Form subdivision Juvenile fiction.
942 ## - ADDED ENTRY ELEMENTS (KOHA)
Source of classification or shelving scheme
Koha item type Books - Fiction
Holdings
Withdrawn status Lost status Source of classification or shelving scheme Damaged status Not for loan Collection code Permanent Location Current Location Shelving location Date acquired Total Checkouts Total Renewals Full call number Barcode Date last seen Date last checked out Price effective from Koha item type
          Fiction KH8 Senior School Library KH8 Senior School Library Fiction 2020-03-12 4 1 FIC YOO 3KHSL000101746 2025-02-06 2025-02-04 2020-03-12 Books - Fiction

Powered By KH8 IT Dept